000 01883cam a22004694i 4500
003 PE-LiUPU
005 20250731172754.0
008 150617s r 000 0 d
020 _a8425416590
035 _a(Sirsi) i9788425416590
040 _aPE-LiUPU
_bspa
_cPE-LiUPU
_erda
049 _aPRUA
082 0 4 _a226
_bB33
_221
100 1 _aBeilner, Wolfgang,
_eautor.
245 1 3 _aEl Evangelio, regla de vida /
_cWolfgang Beilner.
264 1 _aBarcelona :
_bEditorial Herder,
_c1989.
300 _a258 páginas ;
_c21 centímetros.
336 _atext
_2rdacontent
337 _aunmediated
_2rdamedia
338 _avolume
_2rdacarrier
505 0 _aEl evangelio -- El evangelio menguado -- El evangelio completo -- Vivir el evangelio -- Discípulos de Jesús -- Consejos para el evangelio -- Bienaventurados los pobres -- Someteos los unos a los otros -- Ahora es el día de la salvación -- Experimentar a Dios en la oración y en el espíritu -- Experimentar la familia de Dios, ahora -- La pasión de Cristo -- Clérigos y religiosos sanos y maduros -- La pella de mantequilla.
526 _aSEG42
526 _aSEG41
526 _aSEG40
526 _aSEG39
526 _aP94
526 _aP87
526 _aP86
526 _aP85
526 _aP77
526 _aP76
526 _aP35
630 _aBiblia
_pN.T.
_pEvangelios
_xComentarios.
650 0 4 _aEvangelización.
910 _ajck
_bjvq
_cjck
_d20150616
942 _2ddc
_cBOOK
949 _a226 B33
_wDEWEY
_c1
_i30858
_lCCODEBUL1
_mBUL
_r0
_sY
_tBOOK
_u2015-6-17
_xTEOLOGIA
_PP35
_0COMPRA
_o.STAFF. Colección general
994 _aC0
_bPEPRU
596 _a1
999 _a226 B33
_wDEWEY
_c3016
_i30858
_d3016
_f2021-11-9
_g5
_lCCODEBUL1
_mBUL
_q1
_r0
_sY
_tBOOK
_u2015-6-17
_xTEOLOGIA
_PP35
_0COMPRA
_o.STAFF. Colección general
980 _81
_gALBERTO SANCHEZ Responsable de Automatización